Spell the Marvel Hero #146 - Statistics

General Stats
  • This quiz has been taken 17 times
  • The average score is 5 of 8
Answer Stats
Picture Answer % Correct
Rogue
92%
Emma Frost
85%
Iceman
85%
U-Go Girl
77%
Sersi
62%
Sunfire
54%
Night Raven
46%
Frenzy
38%
No matching quizzes found
Score Distribution
Percent of People with Each Score
Percentile by Number Answered
Your Score History
You have not taken this quiz